000 00518nam a2200217Ia 4500
003 OSt
005 20221005120834.0
006 a|||||r|||| 00| 0
007 ta
008 221004b |||||||| |||| 00| 0 eng d
024 _a117048
037 _cTextual
040 _aCRL
_cCRL
_beng
041 _2eng
_aeng
100 _aMautz R K
_9267345
245 0 _aFinancial reporting by diversitied companies
260 _c1968
650 _aECONOMICS
942 _cTEXL
_2cc
999 _c1039286
_d1039286